1317 1816 1831 1280 1880 1678 1271 1261 1601 1564 1921 1318 1199 1657 1579 1474 1410 1905 1269 1351 1080 1862 1803 1980 1446 1712 1320 1856 1193 1722 1204 1670 1486 1856 1759 1903 1236 1190 1888 1441 1713 1701 1182 1551 1068 1148 1468 1888 1393 1709 1950 1992 1377 1224 1351 1599 1818 1096 1857 1376 1921 1198 1344 1343 1830 1889 1665 1965 1061 1306 1855 1476 1204 1673 1220 1986 1574 1530 1269 1655 1926 1878 1423 1632 1031 1897 1843 1558 1947 1107 1279 1308 1275 1771 1712 1642 1969 1228 1362 BCNSPRNW ULIB Ver.6.0+V

เปลี่ยนเป็นภาษาไทย

Change to English
 แสดงรายละเอียดบรรณานุกรม
  กลับหน้าหลัก

Brief Record : Get Marc (ISO 2709) : E-mail record : QR code < ปิดหน้าต่าง
LEADER : 00000nam 2200000uu 4500
001    13399110545
003     ULIB
008    110602s2552||||th 000 0 tha d
020    9786117023033
050  4 BQ4570.L5^bพ358ธ ล.5 2552
100 0  พระมหาสมปอง ตาลปุตฺโต
245 10 ธรรมะเดลิเวอรี่ .^nเล่ม 5 :^bธรรมะวัยเกษียณ /^cพระมหาสมปองตาลปุตโต ; บรรณาธิการ, สุภาพรรณ เยี่ยมชัยภูมิ
246 30 ธรรมะวัยเกษียณ
260    กรุงเทพฯ :^bบริษัท ไทยยูเนี่ยนกราฟฟิกส์ จำกัด,^c2552
300    169 หน้า :^bภาพประกอบ ;^c19 ซม.
650  7 ธรรมะกับชีวิตประจำวัน
650  7 การดำเนินชีวิต^xแง่ศาสนา^xพุทธศาสนา
700 0  สุภาพรรณ เยี่ยมชัยภูมิ,^eบรรณาธิการ
945    ^p155^l0^i030115
995    เกษร
999 ^a ใช้งานได้ทุกระบบ
รายการนี้ยังไม่มีแท็ก
คุณยังไม่ได้ล็อกอิน คุณสามารถมีกิจกรรมร่วมกับเว็บไซต์ได้ แต่ต้องล็อกอินก่อน ::
  ล็อกอิน

รายการสื่อสารสนเทศ

ลำดับที่ ประเภท เลขเรียก/บาร์โค้ด สถานที่ สถานะ
- ไม่พบข้อมูล -

รายการใกล้เคียง
    ผู้แต่ง [พระมหาสมปอง ตาลปุตฺโต]

    หัวเรื่อง [ธรรมะกับชีวิตประจำวัน]

BibComment


ยังไม่เคยถูกคอมเมนท์

คอมเมนท์ทรัพยากรรายการนี้
  คอมเมนท์: ธรรมะเดลิเวอรี่ ..


 Copyright 2026. Bcnsprnw @Library